Estatísticas para Os 15 principais países com mortes por Covid19 - 30 de maio

Clique aqui para jogar o quiz

Estatísticas Gerais

  • Esse quiz foi jogado 2 vezes
  • A pontuação média é 15 de 21

Estatísticas das Respostas

country% Correto
Alemanha
100%
Brasil
100%
Canadá
100%
China
100%
Equador
100%
Espanha
100%
Estados Unidos
100%
Itália
100%
México
100%
Reino Unido
100%
Bélgica
50%
França
50%
Índia
50%
Irlanda
50%
Países Baixos
50%
Peru
50%
Portugal
50%
Rússia
50%
Suécia
50%
Suíça
50%
Irão
0%

Distribuição das Pontuações

Percentil de Números Respondidos

Porcentagem de Pessoas com Cada Pontuação

Sua Pontuação Histórica

Você não jogou esse quiz